000 00546nam a2200181Ia 4500
008 151018s9999 xx 000 0 und d
082 _bRBASDV15524
_a891.463
100 _aद का हसमनीस
245 _aकांगारू
250 _b1
260 _bगुलमोहर प्रकाशन सातारा
_c1982
300 _a136
600 _aद का हसमनीस
630 _aकांगारू
700 _aद का हसमनीस
730 _aकांगारू
942 _cBOOK
999 _c1016251
_d1016248